000 00808nam a2200133Ia 4500
008 171212s9999 xx 000 0 und d
020 _a9780833058690
100 _aDavis, Paul K.;Larson, Eric V.;Haldeman, Zachary;Oguz, Mustafa;Rana, Yashodhara
245 _cDavis, Paul K.;Larson, Eric V.;Haldeman, Zachary;Oguz, Mustafa;Rana, Yashodhara
_aUnderstanding and Influencing Public Support for Insurgency and Terrorism
260 _bRAND Corporation
_c2012
650 _aPolitical Science
650 _aTerrorism -- Public opinion -- Case studies; Insurgency -- Public opinion -- Case studies; Qaida (Organization) -- Public opinion; Taliban -- Public opinion; Partiya KarkerĂȘn Kurdistan -- Public opinion; Nepal -- History -- Civil War, 1996-2006 -- Public
856 _uwww.jstor.org/stable/10.7249/mg1122osd
999 _c352776
_d352776